World Conqueror 4 Generals - Statistics

General Stats
  • This quiz has been taken 80 times
    29 since last reset
  • The average score is 70 of 204
Answer Stats
Answers % Correct
Axis Manstein
91%
Allies Li
82%
Allies Zhu
82%
Allies Zhukov
82%
Axis Guderian
73%
Allies Rokossovsky
73%
Axis Rommel
73%
Allies Eisenhower
64%
Axis Graziani
64%
Allies Konev
64%
Allies Lee
64%
Allies Marshall
64%
Axis Messe
64%
Axis Yamashita
64%
Axis Boris
55%
Allies De Gaulle
55%
Allies Dowding
55%
Axis Hermann Balck
55%
Axis Hermann Hoth
55%
Axis Leeb
55%
Axis List
55%
Axis Luigi
55%
Axis Mannerheim
55%
Axis Model
55%
Allies Nimitz
55%
Allies Patton
55%
Axis Yamamoto
55%
Axis Balbo
45%
Axis Bock
45%
Allies Chuikov
45%
Allies Clark
45%
Allies Crerar
45%
Allies Darlan
45%
Axis Donitz
45%
Allies Eichelberger
45%
Allies Govorov
45%
Others Inonu
45%
Axis Kleist
45%
Axis Kluge
45%
Allies Lin
45%
Allies Montgomery
45%
Allies Nasser
45%
Axis Nenonen
45%
Axis Raeder
45%
Axis Simo Hayha
45%
Allies Simonds
45%
Allies Tito
45%
Allies Vasilevsky
45%
Allies Vatutin
45%
Allies Wavell
45%
Allies Weygand
45%
Allies Zhang
45%
Allies Alexander
36%
Allies Anders
36%
Axis Antonescu
36%
Axis Badoglio
36%
Allies Blamey
36%
Allies Brooke
36%
Allies Cunningham
36%
Axis Franco
36%
Axis Gariboldi
36%
Axis Goring
36%
Axis Greim
36%
Allies Halsey
36%
Axis Hartmann
36%
Axis Hata
36%
Axis Heinrici
36%
Axis Horthy
36%
Allies Horton
36%
Allies Katukov
36%
Axis Kesselring
36%
Axis Kondo
36%
Axis Kuribayashi
36%
Allies Leclerc
36%
Allies Leslie
36%
Axis Meyer
36%
Allies Mountbatten
36%
Allies Novikov
36%
Allies Papagos
36%
Axis Paulus
36%
Allies Pavlov
36%
Allies Petain
36%
Axis Schorner
36%
Allies Sikorski
36%
Allies Slim
36%
Allies Sokolovsky
36%
Axis Student
36%
Allies Sun
36%
Allies Vasily
36%
Axis Wittman
36%
Allies Xu
36%
Axis Yamaguchi
36%
Allies Abrams
27%
Others Alberto
27%
Axis Arnim
27%
Allies Bagramyan
27%
Axis Bastico
27%
Axis Bitrich
27%
Allies Bradley
27%
Allies Budyonny
27%
Others Camacho
27%
Allies Chen
27%
Others Choe
27%
Allies Christian
27%
Others Chung
27%
Allies Dempsey
27%
Allies Devers
27%
Allies Du
27%
Axis Dumitrescu
27%
Allies Fletcher
27%
Allies Gamelin
27%
Allies Helfrich
27%
Axis Higuchi
27%
Axis Horii
27%
Axis Itagaki
27%
Allies Juliusz
27%
Axis Keitel
27%
Allies King
27%
Allies Koenig
27%
Axis Koga
27%
Axis Koiso
27%
Axis Kretschmer
27%
Allies Krueger
27%
Axis Kuchler
27%
Allies Kuznetsov
27%
Allies Leopold
27%
Allies Liu
27%
Allies MacArthur
27%
Axis Manteuffel
27%
Allies McCain
27%
Allies McCampbell
27%
Axis Mikawa
27%
Axis Nagano
27%
Axis Nagumo
27%
Axis Okamura
27%
Allies Olav
27%
Axis Ozawa
27%
Others Pahlavi
27%
Allies Peng
27%
Allies Percival
27%
Axis Phibun
27%
Allies Portal
27%
Allies Pound
27%
Others Qasim
27%
Axis Schmidhuber
27%
Allies Shaposhnikov
27%
Allies Smigly
27%
Allies Smith
27%
Allies Spaatz
27%
Allies Spruance
27%
Allies Tassigny
27%
Axis Terauchi
27%
Allies Thimayya
27%
Allies Timoshenko
27%
Allies Tolbukhin
27%
Allies Voronov
27%
Allies Voroshilov
27%
Allies Wainwright
27%
Axis Weidling
27%
Allies Winkelman
27%
Axis Witzleben
27%
Allies Yeryomenko
27%
Allies Arnold
18%
Allies Auchinleck
18%
Allies Bai
18%
Axis Campioni
18%
Axis Cavallero
18%
Allies Chennault
18%
Allies Chernyakhovsky
18%
Allies Crace
18%
Allies Dill
18%
Allies Doolittle
18%
Others Dutra
18%
Allies Eaker
18%
Axis Falkenhorst
18%
Axis Fuchida
18%
Axis Inoue
18%
Allies Isakov
18%
Allies Kimmel
18%
Allies Kinkaid
18%
Others Lhagvasuren
18%
Allies Liang
18%
Others Mahdi
18%
Allies McAuliffe
18%
Allies Meretskov
18%
Allies Mitscher
18%
Others Muhammad
18%
Axis Riccardi
18%
Axis Richthofen
18%
Axis Runstedt
18%
Allies Stilwell
18%
Axis Takagi
18%
Axis Toyoda
18%
Axis Umezu
18%
Axis Ushijima
18%
Axis Weichs
18%
Allies Xue
18%
Axis Brauschischt
9%
Allies Juin
9%
Allies Manilovsky
9%
Allies Wingate
9%
No matching quizzes found
Score Distribution
Percent of People with Each Score
Percentile by Number Answered
Your Score History
You have not taken this quiz since the last reset